Elements of financial risk management (Record no. 17955)

MARC details
000 -LEADER
fixed length control field 00487nam a22001697a 4500
008 - FIXED-LENGTH DATA ELEMENTS--GENERAL INFORMATION
fixed length control field 191008b xxu||||| |||| 00| 0 eng d
020 ## - INTERNATIONAL STANDARD BOOK NUMBER
International Standard Book Number 0128102350
040 ## - CATALOGING SOURCE
Original cataloging agency KABU
Transcribing agency KABU
050 ## - LIBRARY OF CONGRESS CALL NUMBER
Classification number HD61
Item number .C47 2012 c. 1
100 ## - MAIN ENTRY--PERSONAL NAME
Personal name Christoffersen, Peter F.
245 ## - TITLE STATEMENT
Title Elements of financial risk management
Statement of responsibility, etc. Peter F. Christoffersen
250 ## - EDITION STATEMENT
Edition statement 2nd ed.
260 ## - PUBLICATION, DISTRIBUTION, ETC. (IMPRINT)
Place of publication, distribution, etc. USA
Name of publisher, distributor, etc. Elsevier
Date of publication, distribution, etc. 2012
300 ## - PHYSICAL DESCRIPTION
Extent xvi, 326 p.
650 ## - SUBJECT ADDED ENTRY--TOPICAL TERM
Topical term or geographic name as entry element Financial risk management
942 ## - ADDED ENTRY ELEMENTS (KOHA)
Source of classification or shelving scheme Library of Congress Classification
Koha item type General Collection
Classification part HD61
Holdings
Withdrawn status Lost status Source of classification or shelving scheme Not for loan Home library Current library Date acquired Cost, normal purchase price Total Checkouts Full call number Barcode Date last seen Copy number Price effective from Koha item type Date last checked out
    Library of Congress Classification   Kabarak, Main Campus Kabarak, Main Campus 08/10/2019 4692.60   HD61 .C47 2012 c. 1 023820 02/08/2024 c. 1 08/10/2019 General Collection  
    Library of Congress Classification   Kabarak, Main Campus Kabarak, Main Campus 23/04/2021 4727.00 2 HD61 .C47 2012 c. 2 030660 02/08/2024   23/04/2021 General Collection 01/10/2022
    Library of Congress Classification   Kabarak, Main Campus Kabarak, Main Campus 23/04/2021 4727.00   HD61 .C47 2012 c. 3 030661 02/08/2024   23/04/2021 General Collection  
    Library of Congress Classification   Kabarak, Nakuru City Campus Kabarak, Nakuru City Campus 23/04/2021 4727.00   HD61 .C47 2012 c. 1 030662 23/04/2021   23/04/2021 General Collection  
Designed with assistance from East African Informatics Ltd